000 00332nam a2200157Ia 4500
003 OSt
005 20240412150512.0
008 170524s9999 xx 000 0 und d
020 _a978-1118061145
040 _ciimtu
100 _aKrane Kenneth
245 0 _aModern Physics
260 _bWiley
260 _c2006
942 _2ddc
_c02
999 _c5607
_d5607